000 00966nam a22002537a 4500
005 20241016084405.0
008 241016t ||||| |||| 00| 0 spa d
020 _a9789585054530
040 _aCO-BoUCM
_cDavid Moreno
_dDavid Moreno
041 _aspa
245 0 0 _aProyecto, imagen, algoritmo
_cRicardo Cedeño Montaña, John Ferney Arango Florez
250 _a1a. Ed
260 _aMedellin, Colombia
_bUniversidad Nacional de Colombia
_c2023
300 _a297 Paginas
_bilustraciones, mapas
650 1 4 _aEscuela de arquitectura
_9183523
650 1 4 _aDiseño arquitectonico
_913371
650 1 4 _aMedios de comunicación de masas y cultura
_919240
650 1 4 _aProyectos arquitectónicos
_976604
650 1 4 _aDibujo arquitectónico
_913209
700 1 _aCedeño Montaña, Ricardo
_eeditor
_9183524
700 1 _aArango Florez, John Ferney
_eeditor
_9183525
942 _2DEWEY
_a17
_cLIBRO
_e1
_h729
_mC389p
_n0
999 _c324938
_d324938